LEADER 00827nam0-22002891i-450- 001 990004756070403321 005 20051205102635.0 035 $a000475607 035 $aFED01000475607 035 $a(Aleph)000475607FED01 035 $a000475607 100 $a19990604g19069999km-y0itay50------ba 101 0 $agrc 105 $ay-------001yy 200 1 $aPax$fAristophanis$gCum prolegomenis et commentariis edidit J. van Leeuwen 210 $aLugduni Batavorum$cA.W. Sijthoff$d1906. 215 $aXI, 201 p.$d25 cm 500 10$aPax$917942 700 0$aAristophanes$f$0160835 702 1$aLeeuwen,$bJan : van 801 0$aIT$bUNINA$gRICA$2UNIMARC 901 $aBK 912 $a990004756070403321 952 $aII A 28$bBibl. 25138$fFLFBC 959 $aFLFBC 996 $aPax$917942 997 $aUNINA